Datum a čas kvízu
31
Celkem bodů
Celkový počet nahraných bodů na tomto kvízu bez doplňovacích otázek.
12.
Pořadí na kvízu
Konečné umístění týmu na tomto kvízu.
Zaznamenané odpovědi
| # | Otázka | Odpověď | Body | Výsledky |
|---|---|---|---|---|
| 1. | Který český politik zveřejnil... | Vít Rakušan | 1 | |
| 2. | Na mezinárodní vesmírnou stani... | americká (3 členové), ruská (1 člen) | 1 | |
| 3. | V sobotu se v pražském Rudolfi... | Přišla v noci, Bratři | 0.5 | |
| 4. | Společnost ČEZ podepsala dohod... | z Francie | 1 | |
| 5. | V pondělí byl představen ofici... | Invalidovna | 1 | |
| 6. | Začneme prvním českým králem p... | Rudolf (I. Habsburský) | 0 | |
| 7. | Další „slavnou“ prohrou, která... | ve Francii | 1 | |
| 8. | V bitvě u Lipan, kterou řadí m... | Prokop | 0 | |
| 9. | Bitva na Bílé hoře v roce 1620... | D) 2 hodiny | 0 | |
| 10. | Mnichovská dohoda je typickým... | appeasement | 1 |